| 000 | 00626nam a22001697a 4500 | ||
|---|---|---|---|
| 005 | 20251108163334.0 | ||
| 008 | 250721s1996 xx 000 0 ara d | ||
| 082 | 1 | 4 | _a027.62509565/ندو |
| 111 | 2 | _aندوة مكتبات الأطفال في الأردن | |
| 245 | 1 | 0 |
_aأبحاث ندوة مكتبات الأطفال في الأردن : _bالواقع و الرؤى المستقبلية / |
| 264 | 1 |
_aعمان : _bجمعية المكتبات الأردنية، _c1996. |
|
| 650 | 1 | 7 | _aمكتبات الأطفال |
| 650 | 1 | 7 | _aالأردن |
| 650 | 1 | 7 | _aالدورات التدريبية |
| 942 |
_2ddc _cBK |
||
| 999 |
_c181 _d181 |
||